Vista normal
Vista MARC
Entrada Personal Name
Número de registros utilizados en: 1
001 - CONTROL NUMBER
- control field: 59585
003 - CONTROL NUMBER IDENTIFIER
- control field: OSt
005 - DATE AND TIME OF LATEST TRANSACTION
- control field: 20250604161051.0
008 - FIXED-LENGTH DATA ELEMENTS
- fixed length control field: 250604|| aca||aabn | a|a d
040 ## - CATALOGING SOURCE
- Original cataloging agency: OSt
- Transcribing agency: OSt
100 ## - HEADING--PERSONAL NAME
- Personal name: Erlbruch, Wolf, 1948- , ilustrador \ Andreu, Carles, traductor \ Vitó i Godina, Albert, traductor \ Hollmer, Heide, apéndice
670 ## - SOURCE DATA FOUND
- Source citation: Work cat.: (OSt)57146: Moritz, Karl Philipp, 1756-1793, 59583, El nuevo libro del abecedario /